Premier League Squads - 2025/26 - Statistics

General Stats
  • This quiz has been taken 1,041 times
    400 since last reset
  • The average score is 302 of 527
Answer Stats
Team # Position Country Player % Correct
Arsenal 1 GK Spain David Raya
99%
Wolves 1 GK Portugal Jose Sa
99%
Arsenal 2 CB France William Saliba
95%
Aston Villa 23 GK Argentina Emiliano Martinez
93%
Arsenal 6 CB Brazil Gabriel
93%
Arsenal 7 RW England Bukayo Saka
92%
Arsenal 9 ST Brazil Gabriel Jesus
92%
Man Utd 6 CB Argentina Lisandro Martinez
92%
Nottingham Forest 19 ST Brazil Igor Jesus
91%
Arsenal 29 ST Germany Kai Havertz
91%
Arsenal 8 AM Norway Martin Odegaard
91%
Arsenal 14 ST Sweden Viktor Gyokeres
91%
Arsenal 11 LW Brazil Gabriel Martinelli
90%
Nottingham Forest 10 AM England Morgan Gibbs-White
90%
Arsenal 33 LB Italy Riccardo Calafiori
90%
Arsenal 4 RB England Ben White
89%
Arsenal 12 RB Netherlands Jurrien Timber
89%
Arsenal 49 LB England Myles Lewis-Skelly
89%
Sunderland 46 RM France Abdoullah Ba
88%
Arsenal 41 CM England Declan Rice
88%
Arsenal 13 GK Spain Kepa Arrizabalaga
88%
Arsenal 19 LW Belgium Leandro Trossard
88%
Man City 82 RB England Rico Lewis
88%
Man Utd 8 AM Portugal Bruno Fernandes
87%
Arsenal 10 AM England Eberechi Eze
87%
Arsenal 36 DM Spain Martin Zubimendi
87%
Chelsea 24 RB England Reece James
87%
Chelsea 10 AM England Cole Palmer
86%
Leeds 7 RW Wales Daniel James
86%
Arsenal 5 CB Ecuador Piero Hincapie
86%
Chelsea 8 CM Argentina Enzo Fernandez
85%
Aston Villa 7 CM Scotland John McGinn
85%
Aston Villa 11 ST England Ollie Watkins
85%
Liverpool 9 ST Sweden Alexander Isak
84%
Liverpool 1 GK Brazil Alisson
84%
Burnley 14 RB Wales Connor Roberts
84%
Man City 9 ST Norway Erling Haaland
84%
Man City 25 GK Italy Gianluigi Donnarumma
84%
Aston Villa 2 RB Poland Matty Cash
84%
Liverpool 11 RW Egypt Mohamed Salah
84%
Chelsea 25 DM Ecuador Moises Caicedo
84%
Man City 16 DM Spain Rodri
84%
Arsenal 16 DM Denmark Christian Norgaard
83%
Aston Villa 4 CB England Ezri Konsa
83%
Arsenal 23 CM Spain Mikel Merino
83%
Chelsea 1 GK Spain Robert Sanchez
83%
Liverpool 4 CB Netherlands Virgil van Dijk
83%
Aston Villa 8 CM Belgium Youri Tielemans
83%
Chelsea 49 LW Argentina Alejandro Garnacho
82%
Liverpool 10 CM Argentina Alexis Mac Allister
82%
Man City 20 AM Portugal Bernardo Silva
82%
Liverpool 18 LW Netherlands Cody Gakpo
82%
Crystal Palace 1 GK England Dean Henderson
82%
Brighton & Hove Albion 25 CM Paraguay Diego Gomez
82%
Chelsea 20 ST Brazil Joao Pedro
82%
Liverpool 2 CB England Joe Gomez
82%
Man City 5 CB England John Stones
82%
Everton 1 GK England Jordan Pickford
82%
Brighton & Hove Albion 22 LW Japan Kaoru Mitoma
82%
Chelsea 3 LB Spain Marc Cucurella
82%
Chelsea 7 RW Portugal Pedro Neto
82%
Man City 3 CB Portugal Ruben Dias
82%
Liverpool 26 LB Scotland Andrew Robertson
81%
Man Utd 19 RW Cameroon Bryan Mbeumo
81%
Brentford 1 GK Ireland Caoimhin Kelleher
81%
Liverpool 8 AM Hungary Dominik Szoboszlai
81%
Liverpool 14 RW Italy Federico Chiesa
81%
Liverpool 22 ST France Hugo Ekitike
81%
Brentford 6 DM England Jordan Henderson
81%
Man City 24 CB Croatia Josko Gvardiol
81%
Aston Villa 12 LB France Lucas Digne
81%
Liverpool 6 LB Hungary Milos Kerkez
81%
Man City 7 ST Egypt Omar Marmoush
81%
Man Utd 30 ST Slovenia Benjamin Sesko
80%
Man Utd 2 RB Portugal Diogo Dalot
80%
Liverpool 5 CB France Ibrahima Konate
80%
Man City 11 LW Belgium Jeremy Doku
80%
Aston Villa 27 AM England Morgan Rogers
80%
Chelsea LW Ukraine Mykhaylo Mudryk
80%
Arsenal 20 RW England Noni Madueke
80%
Man City 10 AM France Rayan Cherki
80%
Newcastle Utd 10 LW England Anthony Gordon
79%
Man Utd 18 DM Brazil Casemiro
79%
Liverpool 17 CM England Curtis Jones
79%
Liverpool 7 AM Germany Florian Wirtz
79%
Man Utd 5 CB England Harry Maguire
79%
Crystal Palace 7 RW Senegal Ismaila Sarr
79%
Man City 1 GK England James Trafford
79%
Man Utd 10 ST Brazil Matheus Cunha
79%
Man City 6 CB Netherlands Nathan Ake
79%
Spurs 29 CM Senegal Pape Sarr
79%
Liverpool 38 DM Netherlands Ryan Gravenberch
79%
West Ham 9 ST England Callum Wilson
78%
Arsenal 3 CB Spain Cristhian Mosquera
78%
Spurs 17 CB Argentina Cristian Romero
78%
Sunderland 50 AM England Harrison Jones
78%
Fulham 8 RW Wales Harry Wilson
78%
Brentford 9 ST Brazil Igor Thiago
78%
Nottingham Forest 23 CB Brazil Jair Cunha
78%
Chelsea 9 ST England Liam Delap
78%
Chelsea 19 CB Senegal Mamadou Sarr
78%
Man Utd 25 DM Uruguay Manuel Ugarte
78%
Man City 8 CM Croatia Mateo Kovacic
78%
Arsenal 56 RW England Max Dowman
78%
Newcastle Utd 1 GK England Nick Pope
78%
Aston Villa 14 CB Spain Pau Torres
78%
Newcastle Utd 8 CM Italy Sandro Tonali
78%
Liverpool 3 DM Japan Wataru Endo
78%
Wolves 15 CB Colombia Yerson Mosquera
78%
Man City 42 RW Ghana Antoine Semenyo
77%
Newcastle Utd 39 CM Brazil Bruno Guimaraes
77%
Crystal Palace 14 ST France Jean-Philippe Mateta
77%
Liverpool 30 RB Netherlands Jeremie Frimpong
77%
Sunderland 37 RW Ivory Coast Jocelin Ta Bi
77%
Burnley 2 RB England Kyle Walker
77%
Man Utd 23 LB England Luke Shaw
77%
Man City 47 AM England Phil Foden
77%
Brentford 4 CB Netherlands Sepp van den Berg
77%
Aston Villa 3 CB Sweden Victor Lindelof
77%
Fulham 1 GK Germany Bernd Leno
76%
Chelsea 41 RW Brazil Estevao
76%
Spurs 1 GK Italy Guglielmo Vicario
76%
Aston Villa 31 RW Jamaica Leon Bailey
76%
Chelsea 27 RB France Malo Gusto
76%
Wolves 36 AM England Mateus Mane
76%
Man Utd 4 CB Netherlands Matthijs de Ligt
76%
Spurs 37 CB Netherlands Micky van de Ven
76%
Man City 21 LB Algeria Rayan Ait-Nouri
76%
Spurs 9 ST Brazil Richarlison
76%
Man Utd 31 GK Belgium Senne Lammens
76%
Aston Villa 5 CB England Tyrone Mings
76%
Man City 45 CB Uzbekistan Abdukodir Khusanov
75%
Man Utd 16 RW Ivory Coast Amad Diallo
75%
Aston Villa 24 DM Belgium Amadou Onana
75%
Nottingham Forest 11 ST New Zealand Chris Wood
75%
Liverpool 12 RB Northern Ireland Conor Bradley
75%
Spurs 21 AM Sweden Dejan Kulusevski
75%
Man Utd 11 ST Netherlands Joshua Zirkzee
75%
Man Utd 15 CB France Leny Yoro
75%
Man Utd 7 AM England Mason Mount
75%
Fulham 7 ST Mexico Raul Jimenez
75%
Man City 4 CM Netherlands Tijjani Reijnders
75%
Brighton & Hove Albion 1 GK Netherlands Bart Verbruggen
74%
Brighton & Hove Albion 18 ST England Danny Welbeck
74%
Man City 15 CB England Marc Guehi
74%
Bournemouth 20 RB Spain Alex Jimenez
73%
Newcastle Utd 5 CB Switzerland Fabian Schar
73%
Aston Villa 22 LB Netherlands Ian Maatsen
73%
Spurs 10 AM England James Maddison
73%
Newcastle Utd 7 CM Brazil Joelinton
73%
Newcastle Utd 27 ST Germany Nick Woltemade
73%
Man City 26 LW Brazil Savinho
73%
Spurs 7 AM Netherlands Xavi Simons
73%
Newcastle Utd 32 GK England Aaron Ramsdale
72%
Bournemouth 15 RB England Adam Smith
72%
Newcastle Utd 20 RW Sweden Anthony Elanga
72%
Fulham 33 LB United States Antonee Robinson
72%
Burnley 35 ST England Ashley Barnes
72%
Aston Villa 44 DM France Boubacar Kamara
72%
Aston Villa 10 AM Argentina Emiliano Buendia
72%
Bournemouth 9 ST Brazil Evanilson
72%
Liverpool 25 GK Georgia Giorgi Mamardashvili
72%
Newcastle Utd 11 LW England Harvey Barnes
72%
Crystal Palace 22 ST Norway Jorgen Strand Larsen
72%
Newcastle Utd 2 RB England Kieran Trippier
72%
Man Utd 37 CM England Kobbie Mainoo
72%
Brighton & Hove Albion 5 CB England Lewis Dunk
72%
Bournemouth 5 CB Argentina Marcos Senesi
72%
Man City 27 RB Portugal Matheus Nunes
72%
Man City 33 LB England Nico O'Reilly
72%
Fulham 14 RW Norway Oscar Bobb
72%
Man Utd 13 LB Denmark Patrick Dorgu
72%
Chelsea 29 CB France Wesley Fofana
72%
Everton 9 ST Guinea-Bissau Beto
71%
Crystal Palace 2 RB Colombia Daniel Munoz
71%
Spurs 13 LB Italy Destiny Udogie
71%
Bournemouth 1 GK Serbia Djordje Petrovic
71%
Aston Villa 21 CM Brazil Douglas Luiz
71%
Everton 18 LW England Jack Grealish
71%
Everton 22 CM England Kiernan Dewsbury-Hall
71%
Chelsea 38 ST Spain Marc Guiu
71%
Nottingham Forest 3 LB Wales Neco Williams
71%
Man Utd 3 RB Morocco Noussair Mazraoui
71%
Spurs 23 RB Spain Pedro Porro
71%
Spurs 3 CB Romania Radu Dragusin
71%
Liverpool 46 CB England Rhys Williams
71%
Chelsea 45 DM Belgium Romeo Lavia
71%
Bournemouth 12 DM United States Tyler Adams
71%
Newcastle Utd 9 ST DR Congo Yoane Wissa
71%
Newcastle Utd 33 CB England Dan Burn
70%
Chelsea 12 GK Denmark Filip Jorgensen
70%
Everton 6 CB England James Tarkowski
70%
Chelsea 6 CB England Levi Colwill
70%
Spurs 20 RW Ghana Mohammed Kudus
70%
Man City 14 DM Spain Nico Gonzalez
70%
West Ham 23 GK France Alphonse Areola
69%
Spurs 19 ST England Dominic Solanke
69%
Nottingham Forest 8 CM Scotland Elliot Anderson
69%
Brighton & Hove Albion 6 CB Netherlands Jan Paul van Hecke
69%
Brentford 7 LW Germany Kevin Schade
69%
Newcastle Utd 3 LB England Lewis Hall
69%
West Ham 18 CM Portugal Mateus Fernandes
69%
Newcastle Utd 21 RB England Tino Livramento
69%
Chelsea 23 CB England Trevoh Chalobah
69%
Everton 16 LB Ukraine Vitaliy Mykolenko
69%
Man Utd 1 GK Turkey Altay Bayindir
68%
Spurs 33 CB Wales Ben Davies
68%
Sunderland 34 DM Switzerland Granit Xhaka
68%
Spurs 11 ST France Mathys Tel
68%
Everton 5 CB England Michael Keane
68%
Brentford 24 AM Denmark Mikkel Damsgaard
68%
Nottingham Forest 5 CB Brazil Murillo
68%
Spurs 30 CM Uruguay Rodrigo Bentancur
68%
Newcastle Utd 4 CB Netherlands Sven Botman
68%
West Ham 28 DM Czech Republic Tomas Soucek
68%
Spurs 8 DM Mali Yves Bissouma
68%
Crystal Palace 20 DM England Adam Wharton
67%
Chelsea 17 CM Brazil Andrey Santos
67%
Liverpool 95 GK England Harvey Davies
67%
Spurs 4 CB Austria Kevin Danso
67%
Burnley 1 GK Slovakia Martin Dubravka
67%
Crystal Palace 5 CB France Maxence Lacroix
67%
Nottingham Forest 31 CB Serbia Nikola Milenkovic
67%
Brighton & Hove Albion 11 RW Gambia Yankuba Minteh
67%
Spurs 31 GK Czech Republic Antonin Kinsky
66%
Crystal Palace 11 RW Wales Brennan Johnson
66%
Crystal Palace 26 CB United States Chris Richards
66%
Crystal Palace 18 AM Japan Daichi Kamada
66%
Leeds 9 ST England Dominic Calvert-Lewin
66%
Spurs 15 CM Sweden Lucas Bergvall
66%
Fulham 17 LW Nigeria Alex Iwobi
65%
Bournemouth 8 CM England Alex Scott
65%
Everton 10 RW Senegal Ilman Ndiaye
65%
Newcastle Utd 41 CM England Jacob Ramsey
65%
West Ham 20 RW England Jarrod Bowen
65%
Wolves 8 CM Brazil Joao Gomes
65%
Spurs 6 DM Portugal Joao Palhinha
65%
Bournemouth 19 AM Netherlands Justin Kluivert
65%
Spurs 39 ST France Randal Kolo Muani
65%
Man Utd 12 LB Netherlands Tyrell Malacia
65%
Man Utd 35 LB Paraguay Diego Leon
64%
Bournemouth 22 ST France Eli Junior Kroupi
64%
Newcastle Utd 12 CB Germany Malick Thiaw
64%
Nottingham Forest 26 GK Belgium Matz Sels
64%
Wolves 21 LM Portugal Rodrigo Gomes
64%
Wolves 24 CB Portugal Toti Gomes
64%
Newcastle Utd 37 LB Ireland Alex Murphy
63%
Wolves 47 AM England Angel Gomes
63%
Brighton & Hove Albion 17 DM Cameroon Carlos Baleba
63%
Wolves 30 LW Paraguay Enso Gonzalez
63%
Brighton & Hove Albion 24 LB Turkey Ferdi Kadioglu
63%
Aston Villa 9 AM England Harvey Elliott
63%
Everton 27 DM Senegal Idrissa Gueye
63%
Newcastle Utd 23 RW England Jacob Murphy
63%
Aston Villa 19 LW England Jadon Sancho
63%
Fulham 5 CB Denmark Joachim Andersen
63%
Chelsea 21 LB Netherlands Jorrel Hato
63%
Brentford 22 CB Ireland Nathan Collins
63%
Brighton & Hove Albion 30 CM Germany Pascal Gross
63%
Liverpool 73 LW England Rio Ngumoha
63%
Crystal Palace 3 LB England Tyrick Mitchell
63%
West Ham 29 RB DR Congo Aaron Wan-Bissaka
62%
West Ham 17 RW Spain Adama Traore
62%
Aston Villa 40 GK Netherlands Marco Bizot
62%
Sunderland 25 RW Burkina Faso Bertrand Traore
61%
Fulham 3 CB Nigeria Calvin Bassey
61%
Everton 11 ST France Thierno Barry
61%
Burnley 27 ST Albania Armando Broja
60%
West Ham 4 CB France Axel Disasi
60%
Chelsea 5 CB France Benoit Badiashille
60%
Sunderland 9 ST Netherlands Brian Brobbey
60%
Brighton & Hove Albion 10 ST France Georginio Rutter
60%
Everton 32 CB England Jarrad Branthwaite
60%
Everton 23 RB Ireland Seamus Coleman
60%
Crystal Palace 10 RW Spain Yeremy Pino
60%
Bournemouth 3 LB France Adrien Truffert
59%
Spurs 14 CM England Archie Gray
59%
Man Utd 26 CB England Ayden Heaven
59%
Leeds 11 AM United States Brenden Aaronson
59%
Brentford 19 RW Burkina Faso Dango Ouattara
59%
Everton 7 LW England Dwight McNeil
59%
Brentford 5 CB Jamaica Ethan Pinnock
59%
Wolves 11 ST South Korea Hee-chan Hwang
59%
West Ham 15 CB Greece Konstantinos Mavropanos
59%
Brentford 20 CB Norway Kristoffer Ajer
59%
West Ham 22 GK Poland Lukasz Fabianski
59%
Nottingham Forest 34 RB Nigeria Ola Aina
59%
Brentford 3 LB England Rico Henry
59%
Bournemouth 10 CM Scotland Ryan Christie
59%
West Ham 7 LW Netherlands Crysencio Summerville
58%
Spurs 24 LB England Djed Spence
58%
Fulham 32 AM England Emile Smith Rowe
58%
Burnley 7 LW Denmark Jacob Bruun Larsen
58%
Brighton & Hove Albion 23 GK England Jason Steele
58%
Brentford 8 CM Denmark Mathias Jensen
58%
Fulham 16 DM Norway Sander Berge
58%
Everton 37 DM England James Garner
57%
Brighton & Hove Albion 20 CM England James Milner
57%
Chelsea 11 LW England Jamie Gittens
57%
Newcastle Utd 67 CM England Lewis Miley
57%
Fulham 9 ST Brazil Rodrigo Muniz
57%
Aston Villa 6 CM England Ross Barkley
57%
Bournemouth 26 ST Turkey Enes Unal
56%
Liverpool 15 CB Italy Giovanni Leoni
56%
Everton 15 RB Ireland Jake O'Brien
56%
Fulham 2 RB Netherlands Kenny Tete
56%
Man Utd 22 GK England Tom Heaton
56%
Crystal Palace 19 CM England Will Hughes
56%
Newcastle Utd 18 ST Denmark William Osula
56%
Spurs 28 LW France Wilson Odobert
56%
Nottingham Forest 7 LW England Callum Hudson-Odoi
55%
Nottingham Forest 6 DM Ivory Coast Ibrahim Sangare
55%
Crystal Palace 8 DM Colombia Jefferson Lerma
55%
Brentford 33 RB Italy Michael Kayode
55%
Chelsea 4 CB England Tosin Adarabioyo
55%
Bournemouth 7 RW Wales David Brooks
54%
Crystal Palace 9 ST England Eddie Nketiah
54%
Bournemouth 17 GK England Fraser Forster
54%
Sunderland 22 GK Netherlands Robin Roefs
54%
Brentford 27 DM Germany Vitaly Janelt
54%
Nottingham Forest 14 RW Switzerland Dan Ndoye
53%
West Ham 12 LB Senegal El Hadji Malick Diouf
53%
Leeds 16 GK France Illan Meslier
53%
Brighton & Hove Albion 34 RB Netherlands Joel Veltman
53%
Brentford 23 LM England Keane Lewis-Potter
53%
Bournemouth 4 CM England Lewis Cook
53%
Fulham 21 RB Belgium Timothy Castagne
53%
Leeds 29 RW Italy Wilfried Gnonto
53%
Brentford 14 AM Portugal Fabio Carvalho
52%
Newcastle Utd 28 CM England Joe Willock
52%
Burnley 9 ST South Africa Lyle Foster
52%
West Ham 3 CB England Max Kilman
52%
Leeds 19 LW Switzerland Noah Okafor
52%
Nottingham Forest 9 ST Nigeria Taiwo Awoniyi
52%
Brighton & Hove Albion 26 CM Sweden Yasin Ayari
52%
Leeds 22 CM Japan Ao Tanaka
51%
Fulham 6 CM England Harrison Reed
51%
West Ham 1 GK Denmark Mads Hermansen
51%
Fulham 20 CM Serbia Sasa Lukic
51%
Aston Villa 18 ST England Tammy Abraham
51%
Crystal Palace 24 LB Croatia Borna Sosa
50%
Fulham 22 LW Brazil Kevin
50%
Bournemouth 16 AM England Marcus Tavernier
50%
Brentford 2 RB Scotland Aaron Hickey
49%
Sunderland 5 CB Northern Ireland Daniel Ballard
49%
Newcastle Utd 17 RB Sweden Emil Krafth
49%
Leeds 4 DM Wales Ethan Ampadu
49%
Burnley 11 LW England Jaidon Anthony
49%
West Ham 25 CB France Jean-Clair Todibo
49%
Chelsea 34 RB England Josh Acheampong
49%
Brighton & Hove Albion 29 LB Belgium Maxim De Cuyper
49%
Burnley 5 CB France Maxime Esteve
49%
Brighton & Hove Albion 7 RW England Solly March
49%
West Ham 11 ST Argentina Taty Castellanos
49%
Fulham 10 CM Scotland Tom Cairney
49%
Brighton & Hove Albion 4 CB England Adam Webster
48%
Wolves 3 LB Spain Hugo Bueno
48%
Nottingham Forest 16 CM Argentina Nicolas Dominguez
48%
Leeds 5 CB Netherlands Pascal Struijk
48%
Wolves 31 GK England Sam Johnstone
48%
Wolves 4 CB Uruguay Santiago Bueno
48%
Leeds 18 DM Germany Anton Stach
47%
Crystal Palace 28 DM Mali Cheick Doucoure
47%
Spurs 22 CM England Conor Gallagher
47%
Burnley 28 AM Tunisia Hannibal Mejbri
47%
Fulham 31 CB France Issa Diop
47%
Leeds 1 GK Brazil Lucas Perri
47%
Everton 2 RB Scotland Nathan Patterson
47%
Sunderland 20 RB France Nordi Mukiele
47%
Liverpool 43 DM Spain Stefan Bajcetic
47%
Wolves 7 DM Brazil Andre
46%
Man Utd 32 ST Denmark Chido Obi
46%
Crystal Palace 29 RW Ivory Coast Evann Guessand
46%
Man City 13 GK England Marcus Bettinelli
46%
Crystal Palace 17 RB England Nathaniel Clyne
46%
Crystal Palace 44 GK Argentina Walter Benitez
46%
Everton 24 CM Argentina Carlos Alcaraz
45%
Leeds 6 CB Wales Joe Rodon
45%
Wolves 2 RB Ireland Matt Doherty
45%
Leeds 8 CM England Sean Longstaff
45%
Nottingham Forest 27 GK Germany Stefan Ortega
45%
Nottingham Forest 30 CB Ivory Coast Willy Boly
45%
Burnley 19 ST Netherlands Zian Flemming
45%
Sunderland 7 RW Morocco Chemsdine Talbi
44%
Brighton & Hove Albion 13 CM England Jack Hinshelwood
44%
Brighton & Hove Albion 33 CM Denmark Matt O'Riley
44%
Bournemouth 37 ST Brazil Rayan
44%
Bournemouth 21 LW Morocco Amine Adli
43%
Burnley 6 CB DR Congo Axel Tuanzebe
43%
Bournemouth 18 CB France Bafode Diakite
43%
Liverpool 28 GK England Freddie Woodman
43%
West Ham 2 RB England Kyle Walker-Peters
43%
Sunderland 28 CM France Enzo Le Fee
42%
Bournemouth 23 CB England James Hill
42%
Brighton & Hove Albion 27 DM Netherlands Mats Wieffer
42%
Sunderland 15 CB Paraguay Omar Alderete
42%
Nottingham Forest 21 AM England Omari Hutchinson
42%
Brighton & Hove Albion 19 ST Greece Charalampos Kostoulas
41%
Leeds 3 LB Sweden Gabriel Gudmundsson
41%
Leeds 14 ST Germany Lukas Nmecha
41%
Sunderland 17 LB Mozambique Reinildo Mandava
41%
Fulham 19 RW Nigeria Samuel Chukwueze
41%
Crystal Palace 55 AM Northern Ireland Justin Devenny
40%
Leeds 26 GK Wales Karl Darlow
40%
Aston Villa 26 CB Netherlands Lamare Bogarde
40%
Sunderland 18 ST France Wilson Isidor
40%
Burnley 24 DM Ireland Josh Cullen
39%
Wolves 37 CB Czech Republic Ladislav Krejci
39%
Nottingham Forest 4 CB Brazil Morato
39%
Everton 20 RW England Tyler Dibling
39%
Aston Villa 16 RB Spain Andres Garcia
38%
Bournemouth 11 RW Scotland Ben Gannon-Doak
38%
Spurs 40 GK England Brandon Austin
38%
Crystal Palace 34 CB Morocco Chadi Riad
38%
Chelsea 14 DM Portugal Dario Essugo
38%
Sunderland 19 CM Senegal Habib Diarra
38%
Leeds 15 CB Slovenia Jaka Bijol
38%
Leeds 24 RB England James Justin
38%
Burnley 8 DM France Lesley Ugochukwu
38%
Nottingham Forest 20 ST Italy Lorenzo Lucca
38%
Sunderland 27 CM DR Congo Noah Sadiki
38%
Brighton & Hove Albion 21 CB France Oliver Boscagli
38%
Brentford 11 LW England Reiss Nelson
38%
Sunderland 32 RB Northern Ireland Trai Hume
38%
Brentford 18 CM Ukraine Yegor Yarmolyuk
38%
Leeds 40 AM Argentina Facundo Buonanotte
37%
Nottingham Forest 24 AM England James McAtee
37%
Wolves 27 CM France Jean-Ricner Bellegarde
37%
Fulham 24 AM England Josh King
37%
Sunderland 6 RB Netherlands Lutsharel Geertruida
37%
Fulham 30 LB England Ryan Sessegnon
37%
Everton 31 GK Wales Tom King
37%
Liverpool 42 CM England Trey Nyoni
37%
Wolves 9 ST England Adam Armstrong
36%
Wolves 6 LB Norway David Moller Wolfe
36%
Everton 45 CM Germany Harrison Armstrong
36%
Leeds 2 RB England Jayden Bogle
36%
Nottingham Forest 37 RB Italy Nicolo Savona
36%
Nottingham Forest 22 CM England Ryan Yates
36%
Crystal Palace 12 ST Nigeria Christantus Uche
35%
Crystal Palace 23 CB France Jaydee Canvot
35%
Leeds 10 ST Netherlands Joel Piroe
35%
Burnley 16 DM Portugal Florentino
34%
Everton 12 GK Ireland Mark Travers
34%
Burnley 3 LB Netherlands Quilindschy Hartman
34%
Nottingham Forest 13 GK Brazil John Victor
33%
Burnley 10 RW England Marcus Edwards
33%
Man City 41 CM Norway Sverre Nypan
33%
Everton 42 CM England Tim Iroegbunam
33%
Chelsea 44 GK United States Gabriel Slonina
32%
Brighton & Hove Albion 3 CB Brazil Igor Julio
32%
Leeds 44 DM Bulgaria Ilia Gruev
32%
Fulham 15 CB Spain Jorge Cuenca
32%
Man City 68 CB England Max Alleyne
32%
Everton 19 LW England Tyrique George
32%
Burnley 20 CM England James Ward-Prowse
31%
Spurs 38 LB Brazil Souza
31%
Wolves 14 ST Nigeria Tolu Arokodare
31%
Sunderland 12 ST Spain Eliezer Mayenda
30%
West Ham 32 DM England Freddie Potts
30%
Nottingham Forest 29 RW France Dilane Bakwa
29%
Brentford 12 GK Iceland Hakon Rafn Valdimarsson
29%
Everton 34 AM Germany Merlin Rohl
28%
West Ham 19 ST Brazil Pablo
28%
Brighton & Hove Albion 9 ST Greece Stefanos Tzimas
28%
Burnley 25 ST Switzerland Zeki Amdouni
28%
Burnley 18 CB Sweden Hjalmar Ekdal
27%
Nottingham Forest 18 GK Scotland Angus Gunn
26%
West Ham 27 DM France Soungoutou Magassa
26%
Everton 39 LB Morocco Adam Aznou
25%
Sunderland 11 AM England Chris Rigg
25%
Brentford 10 CM England Josh Dasilva
25%
Fulham 23 GK France Benjamin Lecomte
24%
Wolves 38 RB Cameroon Jackson Tchatchoua
24%
West Ham 30 LB England Oliver Scarles
24%
Sunderland 13 CB England Luke O'Nien
23%
Leeds 23 CB Belgium Sebastiaan Bornauw
23%
Burnley 12 CB England Bashir Humphreys
21%
Sunderland 3 LB England Dennis Cirkin
21%
Man Utd 33 CB England Tyler Fredricson
21%
Nottingham Forest 25 LB Germany Luca Netz
20%
Sunderland 14 LW England Romaine Mundle
20%
Bournemouth 27 CM Hungary Alex Toth
19%
Brentford 17 AM Netherlands Antoni Milambo
19%
Bournemouth 6 LB Argentina Julio Soler
19%
Burnley 23 LB Brazil Lucas Pires
18%
Nottingham Forest 44 CB England Zach Abbott
18%
Fulham 18 ST Sweden Jonah Kusi-Asare
17%
Wolves 17 RB Brazil Pedro Lima
17%
Burnley 36 CB Germany Jordan Beyer
16%
Burnley 29 CM England Josh Laurent
16%
Wolves 25 GK England Daniel Bentley
15%
Burnley 4 CB England Joe Worrall
15%
Burnley 17 RW France Loum Tchaouna
15%
Burnley 13 GK Germany Max Weiss
15%
Burnley 31 LW Belgium Mike Tresor
15%
Leeds 25 LB England Sam Byram
15%
Chelsea LB United States Caleb Wiley
14%
Bournemouth 44 CB Serbia Veljko Milosavljevic
14%
Aston Villa 47 RW Brazil Alysson
13%
Newcastle Utd 29 GK England Mark Gillespie
13%
Wolves 63 ST Ireland Nathan Fraser
13%
Sunderland 10 LW Ecuador Nilson Angulo
13%
Crystal Palace 31 GK England Remi Matthews
13%
Sunderland 21 GK England Simon Moore
13%
Sunderland 31 GK Sweden Melker Ellborg
12%
Brentford 45 RW England Romelle Donovan
12%
Brighton & Hove Albion 38 GK Canada Tom McGill
11%
Brentford 47 ST Belgium Kaye Furo
10%
Nottingham Forest 17 RB Germany Eric da Silva Moreira
9%
West Ham 63 CB England Ezra Mayers
9%
Sunderland 36 RW Colombia Ian Poveda
9%
Newcastle Utd 26 GK England John Rudy
9%
Crystal Palace 59 LB Trinidad & Tobago Rio Cardines
9%
Brentford 31 GK England Ellery Balcombe
8%
Sunderland 29 ST Nigeria Ahmed Abdullahi
7%
Crystal Palace 58 RB England Caleb Kporha
7%
Bournemouth 29 GK Greece Christos Mandas
7%
West Ham LW Venezuela Keiber Lamadrid
7%
Bournemouth 45 CB United States Matai Akinmboni
7%
Chelsea 28 GK England Teddy Sharman-Lowe
7%
Burnley 32 GK Czech Republic Vaclav Hladky
7%
Leeds 21 GK England Alex Cairns
6%
Leeds 50 CM Wales Charlie Crew
6%
Brentford 41 GK United States Julian Eyestone
5%
Crystal Palace 42 DM England Kaden Rodney
5%
Sunderland 30 AM Serbia Milan Aleksic
5%
No matching quizzes found
Score Distribution
Percent of People with Each Score
Percentile by Number Answered
Your Score History
You have not taken this quiz since the last reset